| 000 | 00585cam a2200217 4500 | ||
|---|---|---|---|
| 001 | B2278 | ||
| 008 | 090401t1989 xxu||||| |||| 00| 0 eng d | ||
| 035 | _a(Sirsi) u49067 | ||
| 041 | _aeng | ||
| 050 | _a690.24 | ||
| 090 | _aRICS1989/36 ABC | ||
| 110 |
_aRoyal Institution of Chartered Surveyors _94900 |
||
| 245 | 4 | _aThe maintenance of commercial property | |
| 260 |
_aLondon _bRoyal Institution of Chartered Surveyors _c1989 |
||
| 300 | _a10p. ; 30cm. | ||
| 350 | _a1 | ||
| 490 |
_aGCPPA/Report _v(89)9 |
||
| 650 | _aPLANNED MAINTENANCE | ||
| 942 | _n0 | ||
| 948 | _c04/03/1997 | ||
| 999 |
_c92479 _d92479 |
||